000 01402nam a22002657a 4500
005 20250715094252.0
008 250715t2025 xxk|||||o|||| 00| 0 eng d
041 _aeng
110 _aRoyal Institution of Chartered Surveyors
245 _aRICS Draft Professional Standard - Secured lending valuation of properties in multi-storey, multi-occupancy residential buildings with cladding, 2nd Edition - UK
_ba consultation
_h[Electronic resource]
260 _aLondon,
_bRoyal Institution of Chartered Surveyors,
_c14 July 2025
300 _a16p.
490 _aRICS Consultation
520 _aThis new draft 2nd edition twin aims are 1) to ensure the updated criteria is proportionate 2) to ensure the guidance reflects the latest legislation. Consultation opened 14 July 2025 closes 31 August 2025.
650 _aCLADDING
650 _aEXTERNAL WALL SYSTEMS
650 _aVALUATION
650 _aRESIDENTIAL PROPERTY
651 _aUnited Kingdom
690 _aValuation
_96273
710 _aRoyal Institution of Chartered Surveyors
856 _uhttps://consultations.rics.org/gf2.ti/-/1680418/253152453.1/PDF/-/Cladding%202nd%20edition%20-%20consultation%20draft.pdf
_zView the consultation document on RICS.org
856 _uhttps://consultations.rics.org/cladding2nded/consultationHome
_zView the RICS iConsult homepage on cladding valuation 2nd edition
942 _n0
999 _c122200
_d122200